<?xml version="1.0" encoding="UTF-8"?><?xml-stylesheet type="text/xsl" href="static/style.xsl"?><OAI-PMH xmlns="http://www.openarchives.org/OAI/2.0/" xmlns:xsi="http://www.w3.org/2001/XMLSchema-instance" xsi:schemaLocation="http://www.openarchives.org/OAI/2.0/ http://www.openarchives.org/OAI/2.0/OAI-PMH.xsd"><responseDate>2026-04-17T15:52:43Z</responseDate><request verb="GetRecord" identifier="oai:www.recercat.cat:2445/119007" metadataPrefix="marc">https://recercat.cat/oai/request</request><GetRecord><record><header><identifier>oai:recercat.cat:2445/119007</identifier><datestamp>2025-12-05T01:54:47Z</datestamp><setSpec>com_2072_1057</setSpec><setSpec>col_2072_478917</setSpec></header><metadata><record xmlns="http://www.loc.gov/MARC21/slim" xmlns:dcterms="http://purl.org/dc/terms/" xmlns:xsi="http://www.w3.org/2001/XMLSchema-instance" xmlns:doc="http://www.lyncode.com/xoai" xsi:schemaLocation="http://www.loc.gov/MARC21/slim http://www.loc.gov/standards/marcxml/schema/MARC21slim.xsd">
   <leader>00925njm 22002777a 4500</leader>
   <datafield ind2=" " ind1=" " tag="042">
      <subfield code="a">dc</subfield>
   </datafield>
   <datafield ind2=" " ind1=" " tag="720">
      <subfield code="a">Gargano, Nicola</subfield>
      <subfield code="e">author</subfield>
   </datafield>
   <datafield ind2=" " ind1=" " tag="720">
      <subfield code="a">Madrid, Lola</subfield>
      <subfield code="e">author</subfield>
   </datafield>
   <datafield ind2=" " ind1=" " tag="720">
      <subfield code="a">Valentini, Giovanni</subfield>
      <subfield code="e">author</subfield>
   </datafield>
   <datafield ind2=" " ind1=" " tag="720">
      <subfield code="a">Alessandro, Umberto d'</subfield>
      <subfield code="e">author</subfield>
   </datafield>
   <datafield ind2=" " ind1=" " tag="720">
      <subfield code="a">Halidou, Tinto</subfield>
      <subfield code="e">author</subfield>
   </datafield>
   <datafield ind2=" " ind1=" " tag="720">
      <subfield code="a">Sirima, Sodiomon</subfield>
      <subfield code="e">author</subfield>
   </datafield>
   <datafield ind2=" " ind1=" " tag="720">
      <subfield code="a">Tshefu, Antoinette</subfield>
      <subfield code="e">author</subfield>
   </datafield>
   <datafield ind2=" " ind1=" " tag="720">
      <subfield code="a">Mtoro, Ali Takadir</subfield>
      <subfield code="e">author</subfield>
   </datafield>
   <datafield ind2=" " ind1=" " tag="720">
      <subfield code="a">Gesase, Samwel</subfield>
      <subfield code="e">author</subfield>
   </datafield>
   <datafield ind2=" " ind1=" " tag="720">
      <subfield code="a">Bassat Orellana, Quique</subfield>
      <subfield code="e">author</subfield>
   </datafield>
   <datafield ind2=" " ind1=" " tag="720">
      <subfield code="a">Eurartesim Dispersible Study Group</subfield>
      <subfield code="e">author</subfield>
   </datafield>
   <datafield ind2=" " ind1=" " tag="260">
      <subfield code="c">2018-01-12T14:17:21Z</subfield>
   </datafield>
   <datafield ind2=" " ind1=" " tag="260">
      <subfield code="c">2018-01-12T14:17:21Z</subfield>
   </datafield>
   <datafield ind2=" " ind1=" " tag="260">
      <subfield code="c">2017-10-23</subfield>
   </datafield>
   <datafield ind2=" " ind1=" " tag="260">
      <subfield code="c">2017-11-01T18:59:57Z</subfield>
   </datafield>
   <datafield ind2=" " ind1=" " tag="520">
      <subfield code="a">Artemisinin combination therapies are considered the mainstay of&#xd;
                malaria treatment, but paediatric friendly formulations for the&#xd;
                treatments of infants are scarce. We aimed to evaluate the&#xd;
                efficacy and safety of a new dispersible tablet formulation of&#xd;
                dihydroartemisinin/piperaquine phosphate (DHA/PQP) in comparison&#xd;
                to the marketed tablet (Eurartesim(R)) in the treatment of&#xd;
                infants with uncomplicated P. falciparum malaria.Reported here&#xd;
                are the results of a large phase II, randomized, open label,&#xd;
                multicenter trial conducted in African infants (6-12 months of&#xd;
                age) from Mozambique, Burkina Faso, The Gambia, DR-Congo and&#xd;
                Tanzania. Primary efficacy endpoint was the PCR-corrected&#xd;
                Adequate Clinical and Parasitological Response (ACPR) at day 28.&#xd;
                Analysis was performed for the Intention-To-Treat (ITT) and&#xd;
                Per-Protocol (PP) populations.Two-hundred and one patients&#xd;
                received the dispersible tablet formulation and 99 the&#xd;
                conventional one administered as crushed tablets. At day 28, the&#xd;
                PCR-corrected ACPR was 86.9% (ITT) and 98.3% (PP) in the&#xd;
                dispersible tablet group, and 84.9% (ITT) and 100% (PP) in the&#xd;
                crushed tablet group. At day 42, it was 85.9% (ITT) and 96.5%&#xd;
                (PP) in the dispersible tablet group, and 82.8% (ITT) and 96.4%&#xd;
                (PP) in the crushed tablet group. The comparison between&#xd;
                survival curves for time to new infections showed no&#xd;
                statistically significant differences (p=0.409). The safety and&#xd;
                tolerability profile for the two groups was similar in terms of&#xd;
                type and frequency of Adverse Events and was consistent with&#xd;
                that expected in African infants with malaria.A standard&#xd;
                three-day treatment with the new dispersible DHA/PQP formulation&#xd;
                is as efficacious as the currently used tablet in African&#xd;
                infants, and has a comparable safety profile.</subfield>
   </datafield>
   <datafield tag="653" ind2=" " ind1=" ">
      <subfield code="a">Malària</subfield>
   </datafield>
   <datafield tag="653" ind2=" " ind1=" ">
      <subfield code="a">Infants</subfield>
   </datafield>
   <datafield tag="653" ind2=" " ind1=" ">
      <subfield code="a">Malaria</subfield>
   </datafield>
   <datafield tag="653" ind2=" " ind1=" ">
      <subfield code="a">Children</subfield>
   </datafield>
   <datafield ind2="0" ind1="0" tag="245">
      <subfield code="a">A new water-dispersible paediatric formulation of&#xd;
                dihydroartemisinin-piperaquine for the treatment of&#xd;
                uncomplicated Plasmodium falciparum malaria in African infants:&#xd;
                efficacy and tolerability outcomes of a phase II, randomized,&#xd;
                open label, multicenter study</subfield>
   </datafield>
</record></metadata></record></GetRecord></OAI-PMH>